| 000 | 00582nam a22001817a 4500 | ||
|---|---|---|---|
| 005 | 20251108165823.0 | ||
| 008 | 250721s1975 xx 000 0 ara d | ||
| 082 | 1 | 4 | _aم/492.431/ربح |
| 100 | 1 | _aكمال، ربحي | |
| 245 | 1 | 0 |
_aالمعجم الحديث : _bعبري - عربي للمترجم و للطالب الجامعي / |
| 264 | 1 |
_aبيروت : _bدار العلم للملايين، _c1975. |
|
| 300 | _a567ص | ||
| 650 | 1 | 7 | _aاللغة العبرية |
| 650 | 1 | 7 | _aالقواميس |
| 650 | 1 | 7 | _aاللغة العربية |
| 942 |
_2ddc _cREF |
||
| 999 |
_c32147 _d32147 |
||